Vedecké postupy stanovenia počtu pracovníkov vo veľkoobchodných skladoch kandidátska dizertačná práca

Enregistré dans:
Détails bibliographiques
Auteur principal: Konečný, Ján
Collectivité auteur: Vysoká škola ekonomická v Bratislave
Autres auteurs: Janeček, Milan
Format: Livre
Langue:slovaque
Publié: Bratislava 1981
Sujets:
Tags: Ajouter un tag
Pas de tags, Soyez le premier à ajouter un tag!

MARC

LEADER 00000nam a2200000 4500
001 c110802
005 20230116083956.0
041 0 |a slo 
044 |a SK 
245 1 0 |a Vedecké postupy stanovenia počtu pracovníkov vo veľkoobchodných skladoch  |b kandidátska dizertačná práca  |c Ján Konečný ; školiteľ: Milan Janeček 
264 1 |a Bratislava  |c 1981 
300 |a 185 s. 
610 2 0 |a počet pracovníkov 
610 2 0 |a veľkoobchod 
610 2 0 |a sklady obchodné 
610 2 0 |a skladovanie 
610 2 0 |a výskum vedecký 
610 2 0 |a racionalizácia práce 
610 2 0 |a normovanie práce 
100 1 |a Konečný, Ján 
700 1 |a Janeček, Milan 
710 2 |a Vysoká škola ekonomická v Bratislave